[Event "Quebec op"]
[Site "Montreal CAN"]
[Date "2011.07.25"]
[Round "4"]
[White "Lemieux, Serge"]
[Black "Weston, Paul"]
[Result "0-1"]
[WhiteElo "1557"]
[BlackElo "1883"]
[PlyCount "60"]
[GameId "2160767909649382"]
[EventDate "2011.07.23"]
[EventType "swiss"]
[EventRounds "9"]
[EventCountry "CAN"]
[SourceTitle "EXT 2022"]
[Source "ChessBase"]
[SourceDate "2021.10.06"]
[SourceVersion "1"]
[SourceVersionDate "2021.10.06"]
[SourceQuality "1"]

1. d4 d5 2. c4 e6 3. Nf3 Nf6 4. Nc3 c6 5. Bg5 Nbd7 6. e3 Qa5 7. Bxf6 Nxf6 8. Nd2 Bd6 9. c5 Be7 10. Bd3 Qc7 11. Nf3 O-O 12. b4 b6 13. Rc1 a5 14. a3 axb4 15. axb4 bxc5 16. bxc5 Ba6 17. O-O Ne4 18. Bxa6 Nxc3 19. Rxc3 Rxa6 20. Qd3 Rfa8 21. Rb1 g6 22. Rcb3 Ra1 23. g3 Bf6 24. Qc3 Rxb1+ 25. Rxb1 Rb8 26. Ra1 h5 27. h4 Rb5 28. Qa3 Kg7 29. Qa8 Rb8 30. Ra7 Qc8 0-1

[Event "Quebec op"]
[Site "Montreal CAN"]
[Date "2011.07.25"]
[Round "4"]
[White "Lepine, Cedric"]
[Black "Arsenault, Nicolas"]
[Result "1/2-1/2"]
[WhiteElo "1938"]
[BlackElo "2164"]
[PlyCount "73"]
[GameId "2160767909649383"]
[EventDate "2011.07.23"]
[EventType "swiss"]
[EventRounds "9"]
[EventCountry "CAN"]
[SourceTitle "EXT 2022"]
[Source "ChessBase"]
[SourceDate "2021.10.06"]
[SourceVersion "1"]
[SourceVersionDate "2021.10.06"]
[SourceQuality "1"]

1. d4 Nf6 2. c4 e6 3. Nc3 Bb4 4. a3 Bxc3+ 5. bxc3 c5 6. e3 O-O 7. Bd3 Nc6 8. Ne2 b6 9. O-O Ba6 10. e4 Ne8 11. f4 f5 12. e5 Na5 13. d5 Bxc4 14. Bxc4 Nxc4 15. d6 b5 16. Qd3 g6 17. a4 a6 18. Be3 Nb2 19. Qc2 Nxa4 20. Rxa4 bxa4 21. Qxa4 Qc8 22. Nc1 c4 23. Rd1 Qb7 24. Rd4 Rc8 25. Rxc4 Rxc4 26. Qxc4 Ng7 27. Qb4 Rb8 28. Qxb7 Rxb7 29. Nd3 Kf7 30. Nc5 Rb1+ 31. Kf2 Ke8 32. Nxa6 Nh5 33. c4 Rb2+ 34. Kf3 Rb3 35. Kf2 Rb2+ 36. Kf3 Rb3 37. Kf2 1/2-1/2

[Event "Quebec op"]
[Site "Montreal CAN"]
[Date "2011.07.25"]
[Round "4"]
[White "Libersan, Thierry"]
[Black "Beaulieu, Pierre"]
[Result "0-1"]
[WhiteElo "2141"]
[BlackElo "1855"]
[PlyCount "80"]
[GameId "2160767909649384"]
[EventDate "2011.07.23"]
[EventType "swiss"]
[EventRounds "9"]
[EventCountry "CAN"]
[SourceTitle "EXT 2022"]
[Source "ChessBase"]
[SourceDate "2021.10.06"]
[SourceVersion "1"]
[SourceVersionDate "2021.10.06"]
[SourceQuality "1"]

1. e4 b6 2. d4 Bb7 3. Bd3 e6 4. Nf3 c5 5. c3 Nf6 6. Qe2 d5 7. e5 Ne4 8. O-O h6 9. Nbd2 Nxd2 10. Bxd2 Nc6 11. a3 Qd7 12. Be3 c4 13. Bc2 Na5 14. Nd2 b5 15. f4 g6 16. g4 O-O-O 17. f5 gxf5 18. gxf5 Nc6 19. h3 h5 20. Kh2 Re8 21. fxe6 fxe6 22. Bg6 Re7 23. Bxh5 Bh6 24. Bg4 Nd8 25. Rf6 Bxe3 26. Qxe3 Kc7 27. Raf1 Reh7 28. Qf4 Qg7 29. Nf3 Bc8 30. Ng5 Rh4 31. Kg3 Bd7 32. Kf2 Rg8 33. Nf7 Qh7 34. Nxd8 Rgxg4 35. Qxg4 Rxg4 36. hxg4 Qh4+ 37. Ke3 Kxd8 38. R6f4 Be8 39. R1f2 Qg3+ 40. Ke2 Qd3+ 0-1

[Event "Quebec op"]
[Site "Montreal CAN"]
[Date "2011.07.25"]
[Round "4"]
[White "Luo, Zhao Yang"]
[Black "Brunet, Guy"]
[Result "1-0"]
[WhiteElo "1908"]
[BlackElo "1534"]
[PlyCount "119"]
[GameId "2160767909649385"]
[EventDate "2011.07.23"]
[EventType "swiss"]
[EventRounds "9"]
[EventCountry "CAN"]
[SourceTitle "EXT 2022"]
[Source "ChessBase"]
[SourceDate "2021.10.06"]
[SourceVersion "1"]
[SourceVersionDate "2021.10.06"]
[SourceQuality "1"]

1. d4 d5 2. Nf3 Nf6 3. Nbd2 e6 4. e3 Nbd7 5. Bd3 Bd6 6. b3 e5 7. dxe5 Nxe5 8. Nxe5 Bxe5 9. Rb1 O-O 10. Nf3 Bc3+ 11. Bd2 Bxd2+ 12. Nxd2 Re8 13. O-O c6 14. c4 dxc4 15. Nxc4 Be6 16. Qd2 Bxc4 17. bxc4 Ne4 18. Qc2 Qe7 19. Bxe4 Qxe4 20. Qxe4 Rxe4 21. Rxb7 Rxc4 22. Rd1 g6 23. g3 Ra4 24. Rdd7 Rf8 25. Rxa7 Rxa7 26. Rxa7 Rb8 27. a4 Rb1+ 28. Kg2 Ra1 29. Kf3 Ra2 30. a5 Kg7 31. e4 Kf6 32. Ke3 c5 33. a6 c4 34. Kd4 Rxf2 35. Kxc4 Rxh2 36. Rb7 Ra2 37. a7 h5 38. Kb5 Ke5 39. Rxf7 Kxe4 40. Kb6 g5 41. Rf6 Rb2+ 42. Kc7 Ra2 43. Kb7 Rb2+ 44. Rb6 Ra2 45. Ra6 Rxa6 46. Kxa6 Kf3 47. a8=Q+ Kxg3 48. Kb5 h4 49. Kc4 h3 50. Kd3 Kf2 51. Qh1 g4 52. Qh2+ Kf3 53. Qe2+ Kg3 54. Ke3 h2 55. Qf2+ Kh3 56. Qf1+ Kg3 57. Qh1 Kh3 58. Kf2 g3+ 59. Kf3 Kh4 60. Qg2 1-0

[Event "Quebec op"]
[Site "Montreal CAN"]
[Date "2011.07.25"]
[Round "4"]
[White "Sarrazin-Gendron, Roman"]
[Black "Chevalier, Francois"]
[Result "1-0"]
[WhiteElo "1968"]
[BlackElo "1699"]
[PlyCount "53"]
[GameId "2160767909649390"]
[EventDate "2011.07.23"]
[EventType "swiss"]
[EventRounds "9"]
[EventCountry "CAN"]
[SourceTitle "EXT 2022"]
[Source "ChessBase"]
[SourceDate "2021.10.06"]
[SourceVersion "1"]
[SourceVersionDate "2021.10.06"]
[SourceQuality "1"]

1. Nf3 Nf6 2. c4 e6 3. g3 b6 4. Bg2 Bb7 5. O-O c5 6. b3 Be7 7. Bb2 O-O 8. d3 d6 9. e3 Nbd7 10. Qe2 Qc7 11. Nc3 a6 12. a3 Rfe8 13. Rfc1 Bf8 14. e4 Rac8 15. d4 cxd4 16. Nxd4 Qb8 17. f4 e5 18. Nf5 exf4 19. gxf4 Nc5 20. Nd5 Ncxe4 21. Bxe4 Nxe4 22. Qg2 g6 23. Qxe4 Rxe4 24. Nf6+ Kh8 25. Nxe4+ Bg7 26. Bxg7+ Kg8 27. Nf6# 1-0

[Event "Quebec op"]
[Site "Montreal CAN"]
[Date "2011.07.25"]
[Round "4"]
[White "Sasseville, Jean"]
[Black "Leutschaft, Martin"]
[Result "1/2-1/2"]
[WhiteElo "1944"]
[BlackElo "2141"]
[PlyCount "46"]
[GameId "2160767909649391"]
[EventDate "2011.07.23"]
[EventType "swiss"]
[EventRounds "9"]
[EventCountry "CAN"]
[SourceTitle "EXT 2022"]
[Source "ChessBase"]
[SourceDate "2021.10.06"]
[SourceVersion "1"]
[SourceVersionDate "2021.10.06"]
[SourceQuality "1"]

1. Nf3 d5 2. d4 Bf5 3. c4 c6 4. Qb3 Qc8 5. cxd5 cxd5 6. Nc3 e6 7. Bf4 Nc6 8. Rc1 Bb4 9. e3 Nge7 10. Be2 O-O 11. O-O Ng6 12. Bg3 Qd7 13. Na4 Be7 14. Nc5 Bxc5 15. Rxc5 Bg4 16. Bb5 Bxf3 17. gxf3 f5 18. Be5 Ngxe5 19. dxe5 Qe7 20. Qc3 Qg5+ 21. Kh1 Qh5 22. f4 Qf3+ 23. Kg1 Qg4+ 1/2-1/2

[Event "Quebec op"]
[Site "Montreal CAN"]
[Date "2011.07.25"]
[Round "4"]
[White "Yun, Chang"]
[Black "Zhang, Zhiyuan"]
[Result "0-1"]
[WhiteElo "1881"]
[BlackElo "2046"]
[PlyCount "122"]
[GameId "2160767909649393"]
[EventDate "2011.07.23"]
[EventType "swiss"]
[EventRounds "9"]
[EventCountry "CAN"]
[SourceTitle "EXT 2022"]
[Source "ChessBase"]
[SourceDate "2021.10.06"]
[SourceVersion "1"]
[SourceVersionDate "2021.10.06"]
[SourceQuality "1"]

1. e4 e6 2. d4 d5 3. Nd2 c5 4. Ngf3 Nc6 5. exd5 exd5 6. Be2 cxd4 7. O-O Bd6 8. Re1 Nge7 9. Nb3 O-O 10. Nbxd4 a6 11. c3 Bg4 12. Qd3 Bh5 13. g3 Qd7 14. Nh4 Bg6 15. Nxg6 hxg6 16. Bf1 Ne5 17. Qd1 Rac8 18. Bf4 Nc4 19. Bxd6 Qxd6 20. Qb3 b5 21. Bg2 Rb8 22. Rxe7 Qxe7 23. Nc6 Qe2 24. Nxb8 Rxb8 25. Bxd5 Qxb2 26. Re1 Qxb3 27. axb3 Nb6 28. Bc6 Rc8 29. Re8+ Rxe8 30. Bxe8 Nd5 31. c4 bxc4 32. bxc4 Nc7 33. Ba4 Kf8 34. f4 Ke7 35. Kf2 Kd6 36. Ke3 Ne6 37. Be8 Ke7 38. Bc6 f6 39. Ke4 Kd6 40. Bd5 a5 41. Bxe6 Kxe6 42. Kd4 Kd6 43. Kc3 Kc5 44. Kb3 a4+ 45. Kxa4 Kxc4 46. Ka5 Kd4 47. Kb5 Ke4 48. Kc5 Kf3 49. Kd4 Kg2 50. Ke4 Kxh2 51. Kf3 Kh3 52. Kf2 Kg4 53. Kg2 g5 54. fxg5 Kxg5 55. Kf3 Kf5 56. g4+ Kg5 57. Kg3 g6 58. Kf3 Kh4 59. Kf4 g5+ 60. Kf5 Kg3 61. Kxf6 Kxg4 0-1

[Event "Quebec op"]
[Site "Montreal CAN"]
[Date "2011.07.26"]
[Round "5"]
[White "Arsenault, Nicolas"]
[Black "Dumont, Felix"]
[Result "1/2-1/2"]
[WhiteElo "2167"]
[BlackElo "2007"]
[PlyCount "35"]
[GameId "2160767909649396"]
[EventDate "2011.07.23"]
[EventType "swiss"]
[EventRounds "9"]
[EventCountry "CAN"]
[SourceTitle "EXT 2022"]
[Source "ChessBase"]
[SourceDate "2021.10.06"]
[SourceVersion "1"]
[SourceVersionDate "2021.10.06"]
[SourceQuality "1"]

1. e4 c5 2. Nf3 d6 3. Bb5+ Bd7 4. Bxd7+ Qxd7 5. O-O Nc6 6. c3 d5 7. exd5 Qxd5 8. d4 cxd4 9. cxd4 e6 10. Nc3 Qa5 11. d5 exd5 12. Re1+ Be7 13. Qxd5 Qxd5 14. Nxd5 Rd8 15. Nxe7 Ngxe7 16. Be3 f6 17. Bc5 Kf7 18. Rad1 1/2-1/2

[Event "Quebec op"]
[Site "Montreal CAN"]
[Date "2011.07.26"]
[Round "5"]
[White "Auger, Bertrand"]
[Black "Le Duin, Thierry"]
[Result "1-0"]
[WhiteElo "1961"]
[BlackElo "1877"]
[PlyCount "133"]
[GameId "2160767909649397"]
[EventDate "2011.07.23"]
[EventType "swiss"]
[EventRounds "9"]
[EventCountry "CAN"]
[SourceTitle "EXT 2022"]
[Source "ChessBase"]
[SourceDate "2021.10.06"]
[SourceVersion "1"]
[SourceVersionDate "2021.10.06"]
[SourceQuality "1"]

1. Nf3 Nf6 2. g3 g6 3. b4 Bg7 4. Bb2 b6 5. Bg2 Bb7 6. O-O O-O 7. c4 d6 8. d3 c5 9. b5 d5 10. cxd5 Bxd5 11. Nc3 Bb7 12. a4 Nbd7 13. Ra2 Ng4 14. Qa1 Nh6 15. Kh1 Nf5 16. a5 Rb8 17. a6 Ba8 18. Ra4 Nd4 19. Ne4 e5 20. Nxd4 cxd4 21. Ba3 Re8 22. Nd6 Bxg2+ 23. Kxg2 Re6 24. Nb7 Qg5 25. Qc1 Qxc1 26. Rxc1 Bf8 27. Bxf8 Kxf8 28. Rac4 Nf6 29. Rc8+ Re8 30. Rxb8 Rxb8 31. Nd6 Ne8 32. Nc8 Ra8 33. Kf3 Kg7 34. e4 Kf6 35. Rc6+ Kg7 36. Ke2 Kf8 37. h4 Kg7 38. Kd2 Kf8 39. Kc2 Kg7 40. Kb3 h5 41. Ne7 Kf8 42. Rc8 Rxc8 43. Nxc8 Nc7 44. Nxa7 Ke8 45. Kc4 Kd7 46. Nc6 Kd6 47. Nb4 Na8 48. Nd5 Kd7 49. f4 Ke6 50. fxe5 Kxe5 51. Nf4 Nc7 52. Ne2 f5 53. exf5 Kxf5 54. Nf4 Kg4 55. Nxg6 Kxg3 56. a7 Kg4 57. Kb3 Kf5 58. Ne7+ Kg4 59. Nd5 Na8 60. Kc4 Kxh4 61. Kxd4 Kg3 62. Ke4 h4 63. Ne3 h3 64. d4 Kh4 65. Nf1 Kg5 66. Ke5 Nc7 67. d5 1-0

[Event "Quebec op"]
[Site "Montreal CAN"]
[Date "2011.07.26"]
[Round "5"]
[White "Barre, Michel"]
[Black "Goldner, John"]
[Result "1-0"]
[WhiteElo "1854"]
[BlackElo "1683"]
[PlyCount "57"]
[GameId "2160767909649399"]
[EventDate "2011.07.23"]
[EventType "swiss"]
[EventRounds "9"]
[EventCountry "CAN"]
[SourceTitle "EXT 2022"]
[Source "ChessBase"]
[SourceDate "2021.10.06"]
[SourceVersion "1"]
[SourceVersionDate "2021.10.06"]
[SourceQuality "1"]

1. e4 e5 2. d4 exd4 3. Bc4 d5 4. exd5 Bb4+ 5. c3 Qe7+ 6. Ne2 dxc3 7. bxc3 Bd6 8. O-O Nf6 9. Bf4 O-O 10. Re1 Bxf4 11. Nxf4 Qc5 12. Nd2 Bf5 13. h3 Nbd7 14. Bb3 Qxc3 15. Rc1 Qb4 16. Nc4 Rfe8 17. Rxe8+ Rxe8 18. a3 Qc5 19. Ne3 Qd6 20. Ne2 Bg6 21. Nd4 a6 22. a4 Rc8 23. Qe1 Qe5 24. Qb4 Nb6 25. Qxb6 cxb6 26. Rxc8+ Ne8 27. d6 Kf8 28. d7 f6 29. d8=Q 1-0

[Event "Quebec op"]
[Site "Montreal CAN"]
[Date "2011.07.26"]
[Round "5"]
[White "Beaulieu, Pierre"]
[Black "Cvetkovic, Simeon"]
[Result "1/2-1/2"]
[WhiteElo "1855"]
[BlackElo "2067"]
[PlyCount "62"]
[GameId "2160767909649400"]
[EventDate "2011.07.23"]
[EventType "swiss"]
[EventRounds "9"]
[EventCountry "CAN"]
[SourceTitle "EXT 2022"]
[Source "ChessBase"]
[SourceDate "2021.10.06"]
[SourceVersion "1"]
[SourceVersionDate "2021.10.06"]
[SourceQuality "1"]

1. b3 Nf6 2. Bb2 c5 3. e3 Nc6 4. Nf3 g6 5. d4 cxd4 6. exd4 d5 7. h3 Bg7 8. Be2 O-O 9. O-O Ne4 10. c4 e6 11. Nbd2 f5 12. cxd5 exd5 13. Bb5 Ne7 14. Ne5 a6 15. Bd3 Be6 16. Ndf3 Nc8 17. Ba3 Re8 18. h4 Nb6 19. Bc1 Bf6 20. g3 Kg7 21. Kg2 h6 22. Rh1 Nd7 23. Bf4 Rh8 24. Qc1 Qb6 25. Qe3 Nf8 26. Rac1 Re8 27. Rc2 Re7 28. Rhc1 Rh7 29. Kg1 Rh8 30. Kg2 Rh7 31. Kg1 Rh8 1/2-1/2

[Event "Quebec op"]
[Site "Montreal CAN"]
[Date "2011.07.26"]
[Round "5"]
[White "Bergeron, Rene"]
[Black "Cote-Lalumiere, Tristan"]
[Result "1/2-1/2"]
[WhiteElo "1587"]
[BlackElo "1928"]
[PlyCount "53"]
[GameId "2160767909649401"]
[EventDate "2011.07.23"]
[EventType "swiss"]
[EventRounds "9"]
[EventCountry "CAN"]
[SourceTitle "EXT 2022"]
[Source "ChessBase"]
[SourceDate "2021.10.06"]
[SourceVersion "1"]
[SourceVersionDate "2021.10.06"]
[SourceQuality "1"]

1. c4 Nf6 2. Nc3 g6 3. d4 c5 4. d5 d6 5. Nf3 Bg7 6. e4 a6 7. a4 O-O 8. Bd3 Nbd7 9. O-O b5 10. axb5 Bb7 11. Re1 axb5 12. Rxa8 Qxa8 13. Nxb5 Ba6 14. Nc7 Qb7 15. Nxa6 Qxa6 16. e5 Ng4 17. exd6 exd6 18. b3 Ra8 19. Bf4 Nge5 20. Nxe5 Nxe5 21. h3 Qa5 22. Bc2 Qc3 23. Qd2 Qxd2 24. Bxd2 Ra2 25. Rc1 Nd3 26. Bxd3 Rxd2 27. Be4 1/2-1/2

[Event "Quebec op"]
[Site "Montreal CAN"]
[Date "2011.07.26"]
[Round "5"]
[White "Brunet, Guy"]
[Black "Leitch, Darcy"]
[Result "0-1"]
[WhiteElo "1534"]
[BlackElo "1872"]
[PlyCount "76"]
[GameId "2160767909649403"]
[EventDate "2011.07.23"]
[EventType "swiss"]
[EventRounds "9"]
[EventCountry "CAN"]
[SourceTitle "EXT 2022"]
[Source "ChessBase"]
[SourceDate "2021.10.06"]
[SourceVersion "1"]
[SourceVersionDate "2021.10.06"]
[SourceQuality "1"]

1. d4 d5 2. Nf3 Nf6 3. e3 c5 4. c3 Nc6 5. Bd3 Bg4 6. Nbd2 e6 7. O-O cxd4 8. exd4 Bd6 9. h3 Bh5 10. Re1 O-O 11. Qc2 Bg6 12. Bxg6 hxg6 13. Ne5 Rc8 14. Ndf3 Ne4 15. Qe2 a6 16. Nxc6 Rxc6 17. Ne5 Bxe5 18. dxe5 Qb8 19. f3 Nc5 20. Bf4 b5 21. Rac1 Na4 22. Bg3 Rfc8 23. Rb1 b4 24. cxb4 Qxb4 25. Red1 Rc2 26. Qxa6 Qc5+ 27. Kh2 Nxb2 28. Re1 Rc6 29. Qf1 Qa3 30. Ra1 d4 31. Bf4 d3 32. Bc1 d2 33. Bxb2 Qxb2 34. Red1 Rc1 35. a4 Rxd1 36. Rxd1 Rc1 37. Qe2 Rxd1 38. Qxd1 Qc1 0-1

[Event "Quebec op"]
[Site "Montreal CAN"]
[Date "2011.07.26"]
[Round "5"]
[White "Gagnon, Serge"]
[Black "Plante, Michel"]
[Result "1/2-1/2"]
[WhiteElo "1972"]
[BlackElo "2066"]
[PlyCount "144"]
[GameId "2160767909649409"]
[EventDate "2011.07.23"]
[EventType "swiss"]
[EventRounds "9"]
[EventCountry "CAN"]
[SourceTitle "EXT 2022"]
[Source "ChessBase"]
[SourceDate "2021.10.06"]
[SourceVersion "1"]
[SourceVersionDate "2021.10.06"]
[SourceQuality "1"]

1. d4 d6 2. Nf3 g6 3. c4 Bg7 4. Nc3 Bg4 5. e4 Bxf3 6. gxf3 Nc6 7. d5 Nd4 8. Be3 c5 9. dxc6 Nxc6 10. Qd2 Qa5 11. Rc1 Rc8 12. Be2 Nf6 13. O-O O-O 14. a3 Qh5 15. Kg2 Na5 16. Qd1 Nxc4 17. Bxc4 Rxc4 18. Nd5 Nxd5 19. Rxc4 Nxe3+ 20. fxe3 Qg5+ 21. Kf2 Bxb2 22. Qb3 Qh4+ 23. Kg2 Be5 24. Rh1 b6 25. Qd1 b5 26. Rc2 Qg5+ 27. Kf2 Qh4+ 28. Kg2 Qg5+ 29. Kf2 Qh4+ 30. Kg2 f5 31. f4 fxe4 32. Qd5+ Kg7 33. Rf1 Rf5 34. Qxe4 a5 35. Kh1 Bf6 36. Qd3 b4 37. axb4 axb4 38. Qb3 Qh3 39. Rcf2 Bc3 40. Qe6 Qh4 41. Rg2 Qf6 42. Qa2 Qf7 43. Qc2 Qc4 44. Rfg1 Kf7 45. Rc1 d5 46. h3 Rf6 47. Kh2 Re6 48. f5 Rf6 49. fxg6+ hxg6 50. Kh1 Rf1+ 51. Rg1 Rf6 52. Rg4 Qc8 53. Qg2 Qf5 54. Rg5 Qe4 55. Rxd5 Qxe3 56. Rf1 Rxf1+ 57. Qxf1+ Ke6 58. Rd1 Qe4+ 59. Kg1 Bd4+ 60. Kh2 Qe5+ 61. Kh1 Qd5+ 62. Kh2 Qe5+ 63. Kh1 Bc3 64. Kg2 g5 65. Qc4+ Kf6 66. Rf1+ Kg6 67. Qf7+ Kh6 68. Qf8+ Qg7 69. Qc8 Qd4 70. Qe6+ Kh5 71. Qf7+ Kh6 72. Qe6+ Kh5 1/2-1/2

[Event "Quebec op"]
[Site "Montreal CAN"]
[Date "2011.07.26"]
[Round "5"]
[White "Lebeau, Gilbert"]
[Black "Bergeron, Carl"]
[Result "1-0"]
[WhiteElo "2052"]
[BlackElo "1462"]
[PlyCount "47"]
[GameId "2160767909649416"]
[EventDate "2011.07.23"]
[EventType "swiss"]
[EventRounds "9"]
[EventCountry "CAN"]
[SourceTitle "EXT 2022"]
[Source "ChessBase"]
[SourceDate "2021.10.06"]
[SourceVersion "1"]
[SourceVersionDate "2021.10.06"]
[SourceQuality "1"]

1. e4 d6 2. d4 g6 3. Nf3 Bg7 4. Bc4 e6 5. Nc3 Ne7 6. Be3 a6 7. a4 O-O 8. Qd2 Re8 9. Bh6 Bh8 10. h4 d5 11. Bd3 Nbc6 12. e5 Nb4 13. Bg5 Nxd3+ 14. cxd3 Qd7 15. g4 b6 16. Bf6 Bg7 17. h5 Nc6 18. g5 Bb7 19. Qf4 Ne7 20. Bxg7 Kxg7 21. Qf6+ Kg8 22. hxg6 fxg6 23. Rxh7 Kxh7 24. Qf7+ 1-0

[Event "Quebec op"]
[Site "Montreal CAN"]
[Date "2011.07.26"]
[Round "5"]
[White "Luksza, Arkadiusz"]
[Black "Sasseville, Jean"]
[Result "1-0"]
[WhiteElo "2197"]
[BlackElo "1944"]
[PlyCount "59"]
[GameId "2160767909649418"]
[EventDate "2011.07.23"]
[EventType "swiss"]
[EventRounds "9"]
[EventCountry "CAN"]
[SourceTitle "EXT 2022"]
[Source "ChessBase"]
[SourceDate "2021.10.06"]
[SourceVersion "1"]
[SourceVersionDate "2021.10.06"]
[SourceQuality "1"]

1. d4 f5 2. g3 Nf6 3. Bg2 g6 4. c4 Bg7 5. Nc3 O-O 6. Nh3 d6 7. d5 Na6 8. O-O Nc5 9. Be3 h6 10. Bxc5 dxc5 11. Nf4 g5 12. Nd3 Qd6 13. f4 Ng4 14. Nb5 Qf6 15. Qc1 a6 16. h3 Ne3 17. Qxe3 axb5 18. Qc1 bxc4 19. Qxc4 Qd6 20. Nxc5 b6 21. Nd3 Ba6 22. Qb3 g4 23. h4 Bb7 24. Rad1 Kh7 25. Kh2 Rfd8 26. Ne5 Bxe5 27. fxe5 Qxe5 28. Qc2 Bc8 29. d6 Rxa2 30. Qxc7 1-0

[Event "Quebec op"]
[Site "Montreal CAN"]
[Date "2011.07.26"]
[Round "5"]
[White "Luo, Zhao Yang"]
[Black "Laurain, Guy1"]
[Result "1/2-1/2"]
[WhiteElo "1908"]
[BlackElo "2091"]
[PlyCount "74"]
[GameId "2160767909649419"]
[EventDate "2011.07.23"]
[EventType "swiss"]
[EventRounds "9"]
[EventCountry "CAN"]
[SourceTitle "EXT 2022"]
[Source "ChessBase"]
[SourceDate "2021.10.06"]
[SourceVersion "1"]
[SourceVersionDate "2021.10.06"]
[SourceQuality "1"]

1. d4 Nf6 2. Nf3 d6 3. Bg5 Nbd7 4. Nbd2 h6 5. Bh4 c6 6. e4 e5 7. dxe5 dxe5 8. Bd3 Bd6 9. Nc4 Bc7 10. O-O Qe7 11. Bg3 O-O 12. c3 b5 13. Ncd2 Nc5 14. Bc2 Bg4 15. b4 Ne6 16. a4 a6 17. a5 c5 18. Qb1 Nd7 19. h3 Bh5 20. Nh4 Bg6 21. Nxg6 fxg6 22. Nf3 c4 23. Rd1 Rxf3 24. gxf3 Rf8 25. Rd5 Nf6 26. Rd2 Nh5 27. Qd1 Rf7 28. Kh2 Ng5 29. Kg2 Nxf3 30. Rd5 Nf4+ 31. Bxf4 Rxf4 32. Qxf3 Rxf3 33. Kxf3 Bd8 34. Rad1 Qf7+ 35. Ke2 Bh4 36. Rf1 Qe6 37. Rh1 Qf6 1/2-1/2

[Event "Quebec op"]
[Site "Montreal CAN"]
[Date "2011.07.26"]
[Round "5"]
[White "Malveau, Cedric"]
[Black "Giroux, Robert"]
[Result "1-0"]
[WhiteElo "2036"]
[BlackElo "1886"]
[PlyCount "55"]
[GameId "2160767909649420"]
[EventDate "2011.07.23"]
[EventType "swiss"]
[EventRounds "9"]
[EventCountry "CAN"]
[SourceTitle "EXT 2022"]
[Source "ChessBase"]
[SourceDate "2021.10.06"]
[SourceVersion "1"]
[SourceVersionDate "2021.10.06"]
[SourceQuality "1"]

1. d4 Nf6 2. Nf3 c5 3. c4 cxd4 4. Nxd4 e5 5. Nb5 d5 6. cxd5 Bc5 7. e3 O-O 8. N5c3 Qe7 9. Nd2 e4 10. Nb3 Bb6 11. Nd4 Rd8 12. Bc4 a6 13. a4 Ba5 14. Qb3 b5 15. axb5 axb5 16. Rxa5 Rxa5 17. Ncxb5 Bd7 18. O-O Bxb5 19. Nxb5 Nbd7 20. Bd2 Raa8 21. Bc3 Ng4 22. d6 Qf8 23. Bd5 Rab8 24. Bxe4 Nc5 25. Qc4 Nxe4 26. Qxe4 Rxb5 27. Qxg4 f6 28. Qc4+ 1-0

[Event "Quebec op"]
[Site "Montreal CAN"]
[Date "2011.07.26"]
[Round "5"]
[White "Robichaud, Louis"]
[Black "Lemieux, Serge"]
[Result "1-0"]
[WhiteElo "2183"]
[BlackElo "1557"]
[PlyCount "57"]
[GameId "2160767909649423"]
[EventDate "2011.07.23"]
[EventType "swiss"]
[EventRounds "9"]
[EventCountry "CAN"]
[SourceTitle "EXT 2022"]
[Source "ChessBase"]
[SourceDate "2021.10.06"]
[SourceVersion "1"]
[SourceVersionDate "2021.10.06"]
[SourceQuality "1"]

1. e4 e6 2. d3 d5 3. Nd2 Nf6 4. Ngf3 c5 5. g3 Nc6 6. Bg2 Bd6 7. O-O O-O 8. Re1 Qc7 9. Qe2 dxe4 10. dxe4 e5 11. c3 Be6 12. Nc4 Be7 13. Bg5 b5 14. Ne3 Rab8 15. Bxf6 Bxf6 16. Nd5 Qd8 17. Rad1 Bxd5 18. exd5 Na5 19. Nd2 Rb6 20. Ne4 Be7 21. Qh5 f5 22. d6 Bf6 23. Qxf5 Nb7 24. Rd2 Nxd6 25. Qh3 Qc7 26. Red1 Rd8 27. Qe6+ Nf7 28. Rxd8+ Bxd8 29. Qe8# 1-0

[Event "Quebec op"]
[Site "Montreal CAN"]
[Date "2011.07.26"]
[Round "5"]
[White "Sarrazin-Gendron, Roman"]
[Black "Lepine, Cedric"]
[Result "1/2-1/2"]
[WhiteElo "1968"]
[BlackElo "1938"]
[PlyCount "84"]
[GameId "2160767909649426"]
[EventDate "2011.07.23"]
[EventType "swiss"]
[EventRounds "9"]
[EventCountry "CAN"]
[SourceTitle "EXT 2022"]
[Source "ChessBase"]
[SourceDate "2021.10.06"]
[SourceVersion "1"]
[SourceVersionDate "2021.10.06"]
[SourceQuality "1"]

1. Nf3 Nf6 2. g3 c5 3. Bg2 d5 4. c4 Nc6 5. O-O e6 6. b3 Bd6 7. cxd5 exd5 8. d4 Bg4 9. Bb2 O-O 10. Na3 a6 11. dxc5 Bxc5 12. Nc2 Re8 13. Re1 Qd7 14. Bxf6 gxf6 15. Qd2 Rad8 16. Nfd4 Qe7 17. Qf4 Bh5 18. e3 Qe5 19. Qh4 Bg6 20. f4 Qh5 21. Qxh5 Bxh5 22. Bh3 Bxd4 23. Nxd4 Nxd4 24. exd4 Bf3 25. Kf2 Be4 26. Rac1 Bd3 27. Rxe8+ Rxe8 28. Bg4 f5 29. Bf3 Be4 30. Rc7 Kg7 31. Bh5 Bd3 32. Rxb7 Kh6 33. Bxf7 Re2+ 34. Kf3 Rxa2 35. Bg8 Be4+ 36. Ke3 Rb2 37. b4 Rb3+ 38. Ke2 Rb2+ 39. Kd1 Rb3 40. Ke2 Rb2+ 41. Ke1 Rb1+ 42. Kd2 Rb3 1/2-1/2

[Event "Quebec op"]
[Site "Montreal CAN"]
[Date "2011.07.26"]
[Round "5"]
[White "Sonn, Eric"]
[Black "Libersan, Thierry"]
[Result "0-1"]
[WhiteElo "1577"]
[BlackElo "2141"]
[PlyCount "122"]
[GameId "2160767909649427"]
[EventDate "2011.07.23"]
[EventType "swiss"]
[EventRounds "9"]
[EventCountry "CAN"]
[SourceTitle "EXT 2022"]
[Source "ChessBase"]
[SourceDate "2021.10.06"]
[SourceVersion "1"]
[SourceVersionDate "2021.10.06"]
[SourceQuality "1"]

1. e4 c5 2. Nf3 e6 3. d4 cxd4 4. Nxd4 Nc6 5. Nb5 d6 6. c4 a6 7. N5a3 Nf6 8. Nc3 Be7 9. Be2 O-O 10. O-O b6 11. Nc2 Bb7 12. b3 Qc7 13. Bb2 Rac8 14. Qd2 Rfd8 15. Ne3 Ne5 16. Qc2 d5 17. exd5 exd5 18. cxd5 Qb8 19. Qf5 Ng6 20. Rad1 Bd6 21. Ng4 Nxg4 22. Bxg4 Bxh2+ 23. Kh1 Be5 24. Rd3 Bf6 25. Na4 Bxb2 26. Nxb2 Rc2 27. Nc4 b5 28. Rh3 Rxa2 29. Qb1 bxc4 30. Qxa2 Bxd5 31. bxc4 Bb7 32. Rg3 Ne5 33. Bh3 Qc7 34. Bf5 g6 35. Rc1 Qc5 36. Qe2 Rd4 37. Qe3 Kg7 38. Bh3 Nxc4 39. Qc3 Kg8 40. Rd3 Rxd3 41. Qxd3 Bd5 42. Bc8 a5 43. Ba6 Qa3 44. Qc3 Qxc3 45. Rxc3 Nb6 46. Ra3 a4 47. Bb5 Bb3 48. Kg1 Kf8 49. Kf1 Ke7 50. Ke2 Kd6 51. Kd3 Kc5 52. Bxa4 Bxa4 53. Ke4 Bc6+ 54. Kf4 Bxg2 55. Kg5 h5 56. f4 Nc4 57. Ra7 Nd6 58. Re7 Bh3 59. Re5+ Kd4 60. Kh4 Be6 61. Re1 Ne4 0-1